| 000 | 00429nam a22001577a 4500 | ||
|---|---|---|---|
| 003 | OSt | ||
| 005 | 20250508151000.0 | ||
| 008 | 250430b |||||||| |||| 00| 0 eng d | ||
| 020 | _a9780670088812 | ||
| 040 | _cRDA | ||
| 100 |
_aGUPTA,ANIL RAI., _eAUTHOR _9753572 |
||
| 245 |
_aHAVELLS THE UNTOLD STORY OF QIMAT RAI GUPTA _cBy Anil Rai Gupta |
||
| 260 |
_aNEW DELHI _bPENGUIN _c2018 |
||
| 300 | _axiii,281P | ||
| 942 |
_2CC _cGB _n0 |
||
| 999 |
_c1309830 _d1309830 |
||